NIA-loppuiset valtiot - Statistics

Yleistilastot
  • Tätä visaa on pelattu 2 107 kertaa
  • Keskiarvotulos 5 / 9
Vastaustilastot
Valtio % Oikein
Albania
75%
Tansania
71%
Slovenia
67%
Romania
65%
Kenia
63%
Pohjois-Makedonia
54%
Armenia
53%
Jordania
41%
Mauritania
41%
Ehtoja vastaavia visoja ei löytynyt
Tulosjakauma
Jokaisen tuloksen saaneiden osuus
Persentiili vastausten määrän mukaan
Tuloshistoriasi
Et ole pelannut tätä visaa